The theory of relativity
Saved in:
| 主要作者: | |
|---|---|
| 格式: | 圖書 |
| 語言: | 英语 |
| 出版: |
Oxford
University
1952
|
| 叢編: | The International Series of Monographs on Physics
|
| 主題: | |
| 標簽: |
添加標簽
沒有標簽, 成為第一個標記此記錄!
|
MARC
| LEADER | 00000nam a2200000 a 4500 | ||
|---|---|---|---|
| 001 | UCL2744 | ||
| 003 | CL-VaPUC | ||
| 008 | 031107e19520000UK |||||||||||||||||eng|d | ||
| 082 | 0 | 4 | |a 530.11 |b MOL |2 21 |
| 100 | |a Moller, Christian |e autor |9 479845 | ||
| 245 | 1 | 4 | |a The theory of relativity |
| 300 | |a 386 p | ||
| 942 | |c BK | ||
| 945 | |d 20031107 00:00:00 |a vberengu | ||
| 260 | |a Oxford |b University |c 1952 | ||
| 650 | 0 | |a Teoría de la relatividad |9 266149 | |
| 650 | 0 | |a Física |9 227844 | |
| 583 | |a last modification |c 20031107 00:00:00 |k Rodrigo Vera | ||
| 490 | 0 | |a The International Series of Monographs on Physics | |
| 999 | |c 305947 |d 305945 | ||
| 952 | |0 0 |1 0 |4 0 |6 530_110000000000000_MOL_1952 |7 0 |8 A |9 370519 |a BIBCUR |b BIBCUR |d 2019-11-21 |i 4649427 |l 2 |o 530.11 MOL 1952 |p 4649427 |r 2025-04-22 |s 2022-04-06 |w 2019-11-21 |y BK |k FIS | ||